| 000 | 00582cab a2200205 4500 | ||
|---|---|---|---|
| 001 | X3482 | ||
| 008 | 090401t1996 xxu||||| |||| 00| 0 eng d | ||
| 035 | _a(Sirsi) u30779 | ||
| 041 | _aeng | ||
| 245 | _aRICS criticises guidance on affordable housing | ||
| 260 | _c1996 | ||
| 350 | _a0 | ||
| 490 |
_aCSM (Chartered Surveyor Monthly) _v5(8) May 1996, 4(1) |
||
| 520 | _aRICS response to DoE draft circular on planning and affordable housing. | ||
| 650 |
_aAffordable housing _96215 |
||
| 650 | _aDOE DRAFT CIRCULAR | ||
| 690 | _aHOUSING | ||
| 942 | _n0 | ||
| 948 | _c04/03/1997 | ||
| 999 |
_c20742 _d20742 |
||